[Event "Gorges op 17th"]
[Site "Gorges"]
[Date "2007.??.??"]
[Round "3"]
[White "Guyon, Stephane"]
[Black "Borgnis, Cedric"]
[Result "0-1"]
[WhiteElo "1440"]
[BlackElo "1199"]
[PlyCount "20"]
[EventDate "2007.07.08"]
[EventType "swiss"]
[EventRounds "7"]
[EventCountry "FRA"]
[SourceTitle "CBM 119 Extra"]
[Source "ChessBase"]
[SourceDate "2007.09.04"]
[SourceVersion "1"]
[SourceVersionDate "2007.09.04"]
[SourceQuality "1"]

1. d4 d5 2. c4 Nf6 3. Bg5 e6 4. e3 Be7 5. Nc3 Ne4 6. Bxe7 Qxe7 7. Nxe4 dxe4 8. a3 0-0 9. Ne2 Rd8 10. Qc2 f5 0-1